000 00402nam a22001697a 4500
005 20180703104448.0
008 160503b xxu||||| |||| 00| 0 eng d
020 _a81-259-0770-X
041 _aeng
082 _b1202
_a658
100 _aNair N.G.
_9407
245 _aResource Management
260 _bVikas Publishing house Pvt. Ltd.
_c2002
300 _a128
650 _aManagement
_9241
942 _cBK
999 _c484
_d484